[Event "Rated Blitz game"]
[Site "?"]
[Date "2021.05.07"]
[Round "?"]
[White "Ivanchuch"]
[Black "anjaya01"]
[Result "0-1"]
[WhiteElo "2383"]
[BlackElo "2417"]
[PlyCount "46"]
[EventDate "2021.??.??"]
[EventType "blitz"]

1. e4 e5 2. Nf3 d5 3. Nxe5 Bd6 4. d4 dxe4 5. Nc3 Bxe5 6. dxe5 Qxd1+ 7. Kxd1 Bf5
8. Bf4 Nc6 9. Bb5 Nge7 10. Re1 O-O-O+ 11. Ke2 Nd4+ 12. Kf1 Nxc2 13. Bg5 Ng6 14.
Bxd8 Rxd8 15. Ba4 Nxa1 16. Rxa1 Rd2 17. Bb3 Nxe5 18. Re1 Nd3 19. Re2 Rxe2 20.
Kxe2 Nc1+ 21. Ke3 Nxb3 22. axb3 Be6 23. Nxe4 Bxb3 {Normal} 0-1

[Event "Rated Blitz game"]
[Site "?"]
[Date "2021.05.07"]
[Round "?"]
[White "UnCroissant"]
[Black "BigLion5555"]
[Result "0-1"]
[WhiteElo "2506"]
[BlackElo "2516"]
[PlyCount "76"]
[EventDate "2021.??.??"]
[EventType "blitz"]

1. e4 e5 2. Nf3 d5 3. exd5 e4 4. Nd4 Qxd5 5. Nb3 Nf6 6. Nc3 Qf5 7. d3 Bb4 8.
Bd2 O-O 9. Nxe4 Nxe4 10. dxe4 Qxe4+ 11. Be2 Qxg2 12. Rf1 Bd6 13. Be3 Rd8 14.
Bd3 Bb4+ 15. c3 Be7 16. Qc2 Bg4 17. Bxh7+ Kh8 18. Be4 Bf3 19. Nd2 Rxd2 20. Qxd2
Bxe4 21. O-O-O Nc6 22. Rg1 Qh3 23. Bd4 Nxd4 24. Qxd4 Qh6+ 25. Qe3 Qxe3+ 26.
fxe3 Bd6 27. c4 Re8 28. Rg4 Bf3 29. Rh4+ Kg8 30. Re1 Re4 31. Rxe4 Bxe4 32. Kd2
Bxh2 33. Kc3 Be5+ 34. Kb3 g5 35. Rd1 g4 36. Rg1 g3 37. Kb4 g2 38. Kc5 Bh2 {
Normal} 0-1

[Event "Rated Blitz game"]
[Site "?"]
[Date "2021.05.07"]
[Round "?"]
[White "drawingchest"]
[Black "Fantastic_power06"]
[Result "1/2-1/2"]
[WhiteElo "2607"]
[BlackElo "2642"]
[PlyCount "106"]
[EventDate "2021.??.??"]
[EventType "blitz"]

1. e4 e5 2. Nf3 d5 3. d4 dxe4 4. Nxe5 Bd6 5. Qh5 Be6 6. Bb5+ c6 7. Bc4 Bxc4 8.
Nxc4 Nf6 9. Nxd6+ Qxd6 10. Qe5+ Qxe5 11. dxe5 Ng4 12. Nc3 O-O 13. Nxe4 Nxe5 14.
O-O Nbd7 15. Bf4 Ng6 16. Bc7 Rac8 17. Bg3 f5 18. Nd6 f4 19. Nxc8 Rxc8 20. Rad1
Nf6 21. Rfe1 fxg3 22. hxg3 Kf7 23. f3 Nf8 24. g4 Ne6 25. Kf2 Rd8 26. Rxd8 Nxd8
27. g5 Nd5 28. g3 Ne6 29. f4 g6 30. c3 Ne7 31. Kf3 Nd5 32. Rh1 Kg7 33. Re1 Kf7
34. Rh1 Nf8 35. Re1 Nb6 36. b3 Nd5 37. c4 Nb4 38. Re2 Ne6 39. Ke3 a5 40. Rh2
Kg8 41. Ke4 Nc5+ 42. Ke5 Ncd3+ 43. Kd6 Nc1 44. a3 Na6 45. Rb2 Nd3 46. Rd2 Ndc5
47. Ke7 Nxb3 48. Rd8+ Kg7 49. Rf8 Nac5 50. Rf7+ Kg8 51. Rf8+ Kg7 52. Rf7+ Kh8
53. Rf8+ Kg7 {Normal} 1/2-1/2

[Event "Rated Blitz game"]
[Site "?"]
[Date "2021.05.07"]
[Round "?"]
[White "Ohpdog1"]
[Black "greenbubbl_e"]
[Result "1-0"]
[WhiteElo "2669"]
[BlackElo "2591"]
[PlyCount "37"]
[EventDate "2021.??.??"]
[EventType "blitz"]

1. e4 e5 2. Nf3 d5 3. d4 dxe4 4. Nxe5 Nd7 5. Nxd7 Bxd7 6. Bc4 Bd6 7. Nc3 Nf6 8.
Bg5 O-O 9. O-O h6 10. Bh4 g5 11. Bg3 Bf5 12. Re1 Bxg3 13. hxg3 Qd6 14. Qd2 Rad8
15. Rad1 c6 16. a4 a5 17. Nb1 Kg7 18. Qxa5 g4 19. Qxf5 {Normal} 1-0

[Event "Rated Rapid game"]
[Site "?"]
[Date "2021.05.07"]
[Round "?"]
[White "JaviiPH64"]
[Black "Delyvj"]
[Result "0-1"]
[WhiteElo "2239"]
[BlackElo "2404"]
[PlyCount "42"]
[EventDate "2021.??.??"]
[EventType "rapid"]

1. e4 e5 2. Nf3 d5 3. Nxe5 dxe4 4. Qe2 Bd6 5. Nc4 Qe7 6. Nc3 Nf6 7. h3 Nc6 8.
Qe3 Bc5 9. Qg3 Nd4 10. Kd1 O-O 11. Qe5 Qxe5 12. Nxe5 Re8 13. Nc4 c6 14. Na4 Bf8
15. Ne3 Nd5 16. a3 f5 17. c4 Nf4 18. Nc3 Nd3 19. Bxd3 exd3 20. b4 f4 21. Nf1
Nc2 {Normal} 0-1

[Event "Rated Blitz game"]
[Site "?"]
[Date "2021.05.07"]
[Round "?"]
[White "Starazagora"]
[Black "KinzyabulatovRenat"]
[Result "0-1"]
[WhiteElo "2415"]
[BlackElo "2414"]
[PlyCount "70"]
[EventDate "2021.??.??"]
[EventType "blitz"]

1. e4 e5 2. Nf3 d5 3. exd5 e4 4. Nd4 Qxd5 5. Nb3 Nf6 6. Nc3 Qe5 7. Be2 Bd6 8.
Nb5 O-O 9. Nxd6 cxd6 10. O-O Nc6 11. d3 d5 12. dxe4 dxe4 13. Be3 Rd8 14. Qc1
Bg4 15. Bf4 Qh5 16. Bxg4 Nxg4 17. h3 Nf6 18. Re1 Rd7 19. c3 Rad8 20. Be3 b6 21.
Nd4 Ne5 22. Qd1 Qg6 23. Qe2 h6 24. Kh1 Nd5 25. Red1 f5 26. Nc2 Nxe3 27. Nxe3 f4
28. Rxd7 Rxd7 29. Nc4 Nd3 30. f3 e3 31. Kg1 b5 32. Na3 a6 33. Nc2 Nf2 34. Nd4
Nxh3+ 35. Kh2 Nf2 {Normal} 0-1

[Event "Rated Blitz tournament eMXNvI74"]
[Site "?"]
[Date "2021.05.07"]
[Round "?"]
[White "Sengdorzh"]
[Black "Fantastic_power06"]
[Result "1-0"]
[WhiteElo "2443"]
[BlackElo "2637"]
[PlyCount "109"]
[EventDate "2021.??.??"]
[EventType "blitz"]

1. e4 e5 2. Nf3 d5 3. Nxe5 Bd6 4. d4 dxe4 5. Nc3 Bxe5 6. dxe5 Qxd1+ 7. Nxd1 Nc6
8. Bf4 Nge7 9. Bb5 Bd7 10. Nc3 O-O-O 11. O-O-O Ng6 12. Bg3 Ncxe5 13. Bxd7+ Nxd7
14. Nxe4 f5 15. Ng5 f4 16. Nf7 fxg3 17. hxg3 h6 18. f4 Rhf8 19. Nxd8 Rxd8 20.
Rhe1 Nf6 21. f5 Rxd1+ 22. Kxd1 Nf8 23. Re7 Kd8 24. Rxg7 N8d7 25. Rg6 h5 26. Rg7
Ne4 27. Ke2 Nd6 28. Rg5 Nf6 29. Kf3 Ke7 30. Rg7+ Nf7 31. Kf4 Nd5+ 32. Ke4 c6
33. c4 Nb6 34. b3 Nd7 35. Kf4 Nf6 36. Rg6 a5 37. a4 b6 38. Rg7 Nd7 39. g4 hxg4
40. Rxg4 Nc5 41. Rg3 Kf6 42. Re3 Ng5 43. g4 Nd7 44. Rd3 Ne5 45. Rd6+ Ke7 46.
Rh6 Nef7 47. Rxc6 Nh3+ 48. Kg3 Nhg5 49. Rxb6 Nd6 50. Rb5 Nge4+ 51. Kf4 Nd2 52.
Rxa5 Nxb3 53. Ra7+ Kf8 54. g5 Nxc4 55. g6 {Normal} 1-0

[Event "Rated Blitz game"]
[Site "?"]
[Date "2021.05.07"]
[Round "?"]
[White "wat_is_lav"]
[Black "GrandeGila"]
[Result "0-1"]
[WhiteElo "2400"]
[BlackElo "2444"]
[PlyCount "116"]
[EventDate "2021.??.??"]
[EventType "blitz"]

1. e4 e5 2. Nf3 d5 3. exd5 e4 4. Qe2 Nf6 5. d3 Qxd5 6. Nbd2 Be7 7. dxe4 Qe6 8.
g3 O-O 9. Bg2 Nc6 10. c3 Re8 11. O-O Bc5 12. Nb3 Bb6 13. Be3 Nxe4 14. Bxb6 axb6
15. Rfe1 Nd6 16. Nfd4 Nxd4 17. Nxd4 Qd7 18. Qc2 c6 19. a3 Qc7 20. Rxe8+ Nxe8
21. Re1 Nd6 22. h4 Bg4 23. f3 Bh5 24. g4 Bg6 25. Qf2 h5 26. f4 hxg4 27. f5 Bh5
28. Qf4 c5 29. Nc2 Re8 30. Rxe8+ Nxe8 31. Qg5 Nf6 32. Ne3 Qg3 33. Nc4 b5 34.
Qe3 Qxh4 35. Nd6 g3 36. Nxb7 c4 37. Nd6 Bg4 38. Nxb5 Bxf5 39. Nd4 Bd3 40. Nf3
Qh5 41. a4 Ng4 42. Qf4 Nh2 43. Qxg3 Nxf3+ 44. Qxf3 Qe5 45. a5 Qxa5 46. Kh2 Qc7+
47. Kg1 Qb6+ 48. Kh2 Qxb2 49. Qa8+ Kh7 50. Kh3 Qxc3 51. Be4+ Bxe4+ 52. Kh4 Bxa8
53. Kh5 Qf6 54. Kg4 c3 55. Kh5 c2 56. Kg4 c1=Q 57. Kh3 Qh1+ 58. Kg4 Qg1+ {
Time forfeit} 0-1

[Event "Rated Blitz tournament eMXNvI74"]
[Site "?"]
[Date "2021.05.07"]
[Round "?"]
[White "Dewa_Kapas_BKD"]
[Black "VVV-31"]
[Result "0-1"]
[WhiteElo "2441"]
[BlackElo "2270"]
[PlyCount "58"]
[EventDate "2021.??.??"]
[EventType "blitz"]

1. e4 e5 2. Nf3 d5 3. exd5 Bd6 4. Nc3 Nf6 5. d3 h6 6. Be2 O-O 7. O-O Bf5 8. Nd2
Bb4 9. Nde4 Nxd5 10. Bf3 Nxc3 11. bxc3 Be7 12. Ng3 Bc8 13. Rb1 c6 14. Re1 Nd7
15. Nf5 Bf6 16. Ba3 Re8 17. Nd6 Re6 18. Bg4 Rxd6 19. Bxd6 Nf8 20. Bxe5 Bxg4 21.
Qxg4 Bxe5 22. Rxe5 Ng6 23. Re4 Qa5 24. Rxb7 Qxc3 25. Qd1 f5 26. Rc4 Qf6 27. f4
Re8 28. Qf3 Qa1+ 29. Qf1 Re1 {Normal} 0-1

[Event "Rated Blitz game"]
[Site "?"]
[Date "2021.05.07"]
[Round "?"]
[White "Bierpower"]
[Black "Gifroy"]
[Result "1/2-1/2"]
[WhiteElo "2405"]
[BlackElo "2411"]
[PlyCount "142"]
[EventDate "2021.??.??"]
[EventType "blitz"]

1. e4 e5 2. Nf3 d5 3. exd5 e4 4. Nd4 Qxd5 5. Nb3 Qe5 6. Qe2 Nc6 7. Nc3 Bf5 8.
d3 exd3 9. Qxe5+ Nxe5 10. cxd3 Nxd3+ 11. Bxd3 Bxd3 12. Bf4 O-O-O 13. O-O-O Bc4
14. Rxd8+ Kxd8 15. Na5 Ba6 16. Rd1+ Kc8 17. Nd5 Bd6 18. Bxd6 cxd6 19. Nb4 Kc7
20. Nxa6+ bxa6 21. Nc4 d5 22. Ne5 Nh6 23. Rxd5 Re8 24. Nf3 Re2 25. Rd2 Rxd2 26.
Kxd2 Kd6 27. g3 f6 28. Kd3 Nf7 29. Ke4 g6 30. h3 Kc5 31. h4 Nd6+ 32. Kd3 Kd5
33. Nd4 Ne4 34. Ke3 Nxf2 35. Kxf2 Kxd4 36. Ke2 f5 37. Kf3 Kd3 38. h5 g5 39. h6
Kd4 40. b3 a5 41. Kf2 g4 42. Ke2 Ke4 43. Kf2 f4 44. gxf4 Kxf4 45. Kg2 g3 46.
Kg1 Kf3 47. Kf1 g2+ 48. Kg1 Kg3 49. a3 a6 50. b4 axb4 51. axb4 Kg4 52. Kxg2 Kg5
53. Kf3 Kg6 54. Ke4 Kxh6 55. Kd5 Kg5 56. Kc6 h5 57. Kb6 h4 58. Kxa6 h3 59. b5
h2 60. b6 h1=Q 61. b7 Qa1+ 62. Kb6 Qb2+ 63. Kc7 Qc3+ 64. Kb8 Qb4 65. Ka8 Qa5+
66. Kb8 Qb6 67. Kc8 Qc6+ 68. Kb8 Kf6 69. Ka8 Ke7 70. Ka7 Qa4+ 71. Kb8 Kd7 {
Normal} 1/2-1/2

[Event "Rated Blitz tournament 6ygGTofF"]
[Site "?"]
[Date "2021.05.07"]
[Round "?"]
[White "DarkKnight8750"]
[Black "Akbas_Kaan"]
[Result "1-0"]
[WhiteElo "2476"]
[BlackElo "2391"]
[PlyCount "72"]
[EventDate "2021.??.??"]
[EventType "blitz"]

1. e4 e5 2. Nf3 d5 3. Nxe5 dxe4 4. Nc3 Nf6 5. Be2 Bd6 6. Nc4 O-O 7. Nxd6 cxd6
8. O-O d5 9. d4 Nc6 10. Bg5 h6 11. Bxf6 Qxf6 12. Nxd5 Qg5 13. Ne3 f5 14. Bc4+
Kh8 15. Re1 f4 16. Nf1 Bh3 17. g3 f3 18. Qd2 Qh5 19. Rxe4 Rae8 20. Rh4 Qf5 21.
Bd3 Qd7 22. Rxh6+ gxh6 23. Qxh6+ Kg8 24. Bc4+ Be6 25. d5 Bxd5 26. Rd1 Re5 27.
Ne3 Rff5 28. Qg6+ Kh8 29. Qh6+ Kg8 30. Nxd5 Rxd5 31. Rxd5 Rxd5 32. Qg5+ Kf8 33.
Bxd5 Nd4 34. Qf6+ Ke8 35. Qxd4 Qe7 36. Bxf3 Qd6 {Normal} 1-0

[Event "Rated Blitz game"]
[Site "?"]
[Date "2021.05.07"]
[Round "?"]
[White "clavicle2"]
[Black "GoughPhar"]
[Result "0-1"]
[WhiteElo "2378"]
[BlackElo "2467"]
[PlyCount "30"]
[EventDate "2021.??.??"]
[EventType "blitz"]

1. e4 e5 2. Nf3 d5 3. Nxe5 Bd6 4. Nf3 dxe4 5. Ng1 Nf6 6. Bc4 O-O 7. Ne2 Nc6 8.
O-O Bxh2+ 9. Kxh2 Ng4+ 10. Kg3 Qd6+ 11. Nf4 g5 12. d3 gxf4+ 13. Bxf4 Qg6 14.
Qe2 Ne3+ 15. Kh2 Qxg2# {Normal} 0-1

[Event "Rated Blitz game"]
[Site "?"]
[Date "2021.05.07"]
[Round "?"]
[White "clavicle2"]
[Black "GoughPhar"]
[Result "0-1"]
[WhiteElo "2359"]
[BlackElo "2475"]
[PlyCount "26"]
[EventDate "2021.??.??"]
[EventType "blitz"]

1. e4 e5 2. Nf3 d5 3. exd5 e4 4. Nd4 Nf6 5. Nc3 Bc5 6. Nb3 Bd6 7. Be2 c6 8.
dxc6 h5 9. O-O Bxh2+ 10. Kxh2 Ng4+ 11. Kg1 Qh4 12. Bxg4 hxg4 13. f3 g3 {Normal}
0-1

[Event "Rated Blitz game"]
[Site "?"]
[Date "2021.05.07"]
[Round "?"]
[White "Mondano"]
[Black "Razario90"]
[Result "0-1"]
[WhiteElo "2452"]
[BlackElo "2368"]
[PlyCount "92"]
[EventDate "2021.??.??"]
[EventType "blitz"]

1. e4 e5 2. Nf3 d5 3. d4 dxe4 4. Nxe5 Nd7 5. Nc4 Ngf6 6. Nc3 Nb6 7. Bg5 Be7 8.
Qd2 Be6 9. Ne5 Nbd5 10. Nxd5 Nxd5 11. Bxe7 Qxe7 12. Bb5+ Kf8 13. O-O f6 14. c4
Nb6 15. c5 Nd5 16. Nc4 a6 17. Ba4 b5 18. cxb6 cxb6 19. Bc6 Rb8 20. Bxd5 Bxd5
21. Qf4 Kf7 22. Ne3 Ba8 23. d5 g6 24. Ng4 h5 25. Rac1 Rbc8 26. d6 Qe6 27. Ne3
g5 28. Qf5 Qxf5 29. Nxf5 Ke6 30. Ne3 Kxd6 31. Rfd1+ Ke6 32. Rxc8 Rxc8 33. g3
Bb7 34. Kf1 a5 35. Ke1 Ba6 36. a3 Bd3 37. Kd2 Ke5 38. h4 gxh4 39. gxh4 f5 40.
Rg1 f4 41. Rg5+ Ke6 42. Nd5 Rc2+ 43. Ke1 Re2+ 44. Kd1 Rxf2 45. Nxb6 e3 46. Nd5
Rf1# {Normal} 0-1

[Event "Rated Blitz game"]
[Site "?"]
[Date "2021.05.07"]
[Round "?"]
[White "capatilla"]
[Black "hindigrandmaster"]
[Result "0-1"]
[WhiteElo "2405"]
[BlackElo "2320"]
[PlyCount "34"]
[EventDate "2021.??.??"]
[EventType "blitz"]

1. e4 e5 2. Nf3 d5 3. exd5 e4 4. Qe2 f5 5. d3 Nf6 6. dxe4 fxe4 7. Bg5 Be7 8.
Bxf6 exf3 9. Qxf3 Bxf6 10. Bb5+ c6 11. dxc6 bxc6 12. Bxc6+ Nxc6 13. Qxc6+ Bd7
14. Qe4+ Kf7 15. Qd5+ Be6 16. Qxd8 Rhxd8 17. Nc3 Rab8 {Normal} 0-1

[Event "Rated Blitz game"]
[Site "?"]
[Date "2021.05.07"]
[Round "?"]
[White "wxcvbn123"]
[Black "JellalFernandes"]
[Result "0-1"]
[WhiteElo "2499"]
[BlackElo "2596"]
[PlyCount "92"]
[EventDate "2021.??.??"]
[EventType "blitz"]

1. e4 e5 2. Nf3 d5 3. exd5 Bd6 4. d4 e4 5. Ne5 Nf6 6. Be2 Nxd5 7. c4 Nf6 8. O-O
c5 9. Qa4+ Nbd7 10. Nxd7 Bxd7 11. Qd1 cxd4 12. Qxd4 Bc6 13. Rd1 Bc7 14. Qc5 Qe7
15. Qxe7+ Kxe7 16. Bg5 h6 17. Bxf6+ Kxf6 18. Nc3 Rad8 19. Rxd8 Rxd8 20. Rd1
Rxd1+ 21. Bxd1 Be5 22. Nd5+ Bxd5 23. cxd5 Bxb2 24. Kf1 Ke5 25. Ke2 f5 26. Bb3
Bd4 27. g3 g5 28. f3 Bc5 29. h3 Kd4 30. g4 exf3+ 31. Kxf3 f4 32. h4 b5 33. hxg5
hxg5 34. a4 bxa4 35. Bxa4 Kxd5 36. Bb3+ Kd4 37. Ba4 a5 38. Bb5 Kc3 39. Ke4 Kb4
40. Ba6 a4 41. Kf5 Be7 42. Bb7 a3 43. Bd5 Kc3 44. Ke4 Kb2 45. Kf3 a2 46. Bxa2
Kxa2 {Normal} 0-1

[Event "Rated Blitz tournament eMXNvI74"]
[Site "?"]
[Date "2021.05.07"]
[Round "?"]
[White "EP_BKD"]
[Black "Fantastic_power06"]
[Result "0-1"]
[WhiteElo "2296"]
[BlackElo "2585"]
[PlyCount "70"]
[EventDate "2021.??.??"]
[EventType "blitz"]

1. e4 e5 2. Nf3 d5 3. Nxe5 Bd6 4. d4 dxe4 5. Qe2 Bxe5 6. dxe5 Nc6 7. Qxe4 Qd4
8. Qxd4 Nxd4 9. Bd3 Bf5 10. Bxf5 Nxf5 11. O-O Nge7 12. c3 Nc6 13. Re1 O-O-O 14.
Nd2 Nh4 15. g3 Rxd2 16. Bxd2 Nf3+ 17. Kg2 Nxd2 18. Rad1 Nc4 19. b3 Nb6 20. f4
Re8 21. a4 Ne7 22. c4 Nd7 23. b4 a5 24. bxa5 Nc5 25. a6 Nxa6 26. g4 Nc6 27. Re3
Nc5 28. Ra1 Ne6 29. Kg3 g5 30. f5 Nf4 31. Rae1 Nd4 32. h4 h6 33. Rd1 c5 34. a5
Kc7 35. Rde1 Nc2 {Normal} 0-1

[Event "Rated Blitz game"]
[Site "?"]
[Date "2021.05.07"]
[Round "?"]
[White "rumiek"]
[Black "GoughPhar"]
[Result "0-1"]
[WhiteElo "2367"]
[BlackElo "2452"]
[PlyCount "40"]
[EventDate "2021.??.??"]
[EventType "blitz"]

1. e4 e5 2. Nf3 d5 3. Nc3 Nf6 4. Nxe5 Bd6 5. d4 dxe4 6. Bc4 Bxe5 7. dxe5 Qxd1+
8. Nxd1 Ng4 9. Bf4 Nc6 10. Bd5 Ngxe5 11. Bxe4 O-O 12. O-O Re8 13. Bxc6 Nxc6 14.
Bxc7 Bf5 15. Ne3 Bg6 16. Rad1 Rac8 17. Bg3 Nb4 18. c3 Nd3 19. Rd2 Rcd8 20. Re1
Nxe1 {Normal} 0-1

[Event "Rated Blitz game"]
[Site "?"]
[Date "2021.05.07"]
[Round "?"]
[White "Winnie1the1Pooh"]
[Black "Ldearco"]
[Result "1-0"]
[WhiteElo "2479"]
[BlackElo "2535"]
[PlyCount "91"]
[EventDate "2021.??.??"]
[EventType "blitz"]

1. e4 e5 2. Nf3 d5 3. exd5 e4 4. Qe2 Qe7 5. Nd4 Nf6 6. Nc3 Qe5 7. Ndb5 Bd6 8.
d4 exd3 9. Qxe5+ Bxe5 10. Bxd3 a6 11. f4 Bxc3+ 12. Nxc3 O-O 13. Kf2 Rd8 14. Rd1
b5 15. f5 b4 16. Ne4 Nxd5 17. f6 Nc6 18. fxg7 Kxg7 19. Bg5 f6 20. Bh4 Ne5 21.
Be2 Bf5 22. Bf3 Nxf3 23. Kxf3 c6 24. h3 Bxe4+ 25. Kxe4 Re8+ 26. Kf3 Re3+ 27.
Kf2 Rae8 28. Rd2 Kg6 29. Rad1 f5 30. g3 a5 31. Kg2 Re2+ 32. Kf1 Rxd2 33. Rxd2
Re4 34. Kg2 Kf7 35. Kf3 Ke6 36. Bd8 a4 37. Ba5 Re5 38. Bd8 c5 39. Bg5 Re4 40.
h4 Nb6 41. b3 axb3 42. axb3 Nd7 43. Bf4 Ne5+ 44. Bxe5 Rxe5 45. Rd8 Re1 46. Re8+
{Normal} 1-0

[Event "Rated Blitz game"]
[Site "?"]
[Date "2021.05.07"]
[Round "?"]
[White "AlteredCarbon27"]
[Black "jsequera"]
[Result "1-0"]
[WhiteElo "2513"]
[BlackElo "2488"]
[PlyCount "53"]
[EventDate "2021.??.??"]
[EventType "blitz"]

1. e4 e5 2. Nf3 d5 3. exd5 e4 4. Qe2 f5 5. d3 Nf6 6. dxe4 fxe4 7. Nc3 Be7 8.
Nxe4 O-O 9. Bd2 Bf5 10. Ng3 Bxc2 11. d6 Qxd6 12. Qc4+ Kh8 13. Qxc2 Nc6 14. Be2
Ng4 15. O-O Bf6 16. Bc3 Bxc3 17. bxc3 Rae8 18. Ng5 Nf6 19. Bc4 Ne5 20. Nf5 Qc5
21. Bb3 Neg4 22. Ne6 Qe5 23. f4 Qb5 24. Nxf8 Qc5+ 25. Kh1 Ne4 26. Nd4 Qh5 27.
Nf3 {Time forfeit} 1-0

[Event "Rated Blitz game"]
[Site "?"]
[Date "2021.05.07"]
[Round "?"]
[White "atemberaubend"]
[Black "anjaya01"]
[Result "1-0"]
[WhiteElo "2384"]
[BlackElo "2428"]
[PlyCount "129"]
[EventDate "2021.??.??"]
[EventType "blitz"]

1. e4 e5 2. Nf3 d5 3. exd5 Bd6 4. d3 f5 5. Nc3 Nf6 6. Bg5 O-O 7. Qd2 a6 8.
O-O-O b5 9. Kb1 Nbd7 10. h4 Nb6 11. h5 h6 12. Bxf6 Qxf6 13. d4 e4 14. Nh4 b4
15. Ne2 f4 16. Ng6 Bg4 17. Rh4 Bxe2 18. Bxe2 Rf7 19. f3 e3 20. Qe1 a5 21. Rg4
a4 22. Bd3 Ra5 23. Be4 Nc4 24. Qe2 Nd2+ 25. Rxd2 exd2 26. Qxd2 a3 27. b3 Bc5
28. Ne5 Bd6 29. Nxf7 Qxf7 30. Qd3 Qxh5 31. Qf1 Rxd5 32. Bxd5+ Qxd5 33. Qc4 c6
34. Qxd5+ cxd5 35. Rg6 Be7 36. Rb6 Kf7 37. Kc1 h5 38. Kd2 g5 39. Ke2 h4 40. c3
bxc3 41. Kd3 c2 42. Kxc2 g4 43. fxg4 f3 44. gxf3 Bg5 45. Rb7+ Kg6 46. Rb6+ Bf6
47. Re6 h3 48. Re2 Kg5 49. Kd3 Kh4 50. Ke3 Kg3 51. f4 h2 52. Re1 Kxg4 53. Rh1
Kg3 54. f5 Kg2 55. Rxh2+ Kxh2 56. Kd3 Kg2 57. Ke3 Kf1 58. b4 Ke1 59. b5 Kd1 60.
b6 Bd8 61. b7 Bc7 62. f6 Kc2 63. f7 Kb2 64. f8=Q Kxa2 65. Qf2+ {Time forfeit}
1-0

[Event "Rated Blitz tournament 6ygGTofF"]
[Site "?"]
[Date "2021.05.07"]
[Round "?"]
[White "Tigerishere1985"]
[Black "Arkadag2020"]
[Result "0-1"]
[WhiteElo "2355"]
[BlackElo "2546"]
[PlyCount "28"]
[EventDate "2021.??.??"]
[EventType "blitz"]

1. e4 e5 2. Nf3 d5 3. Nxe5 Bd6 4. Nxf7 Kxf7 5. Qh5+ g6 6. Qxd5+ Kg7 7. e5 Qg5
8. f4 Qxf4 9. exd6 Nf6 10. Qf3 Qxd6 11. d3 Re8+ 12. Kf2 Ng4+ 13. Kg1 Qb6+ 14.
d4 Qxd4+ {Normal} 0-1

[Event "Rated Blitz game"]
[Site "?"]
[Date "2021.05.07"]
[Round "?"]
[White "SacrificialMaster"]
[Black "magos33"]
[Result "0-1"]
[WhiteElo "2413"]
[BlackElo "2341"]
[PlyCount "138"]
[EventDate "2021.??.??"]
[EventType "blitz"]

1. e4 e5 2. Nf3 d5 3. Nxe5 Bd6 4. d4 dxe4 5. Nc3 Bxe5 6. dxe5 Qxd1+ 7. Nxd1 Nc6
8. Bb5 Bd7 9. Bxc6 Bxc6 10. Nc3 Ne7 11. Be3 Ng6 12. Bd4 O-O-O 13. O-O-O Rhe8
14. Rhe1 Nxe5 15. h3 f5 16. a4 g6 17. a5 a6 18. b3 Nf7 19. Kb2 Nd6 20. Ne2 Nb5
21. Bf6 Rxd1 22. Rxd1 Nd6 23. Nf4 Nf7 24. h4 Ne5 25. h5 Ng4 26. Bd4 g5 27. Ne2
Ne5 28. Ng3 Bd7 29. h6 Ng6 30. Nh5 Re6 31. Ng7 Rd6 32. Nh5 c5 33. c3 cxd4 34.
cxd4 Nf4 35. Ng7 Nd3+ 36. Kc3 Rc6+ 37. Kd2 Nxf2 38. Rf1 e3+ 39. Kxe3 Ng4+ 40.
Kd3 Rf6 41. Nh5 Rxh6 42. Ng3 Rd6 43. Nxf5 Bxf5+ 44. Rxf5 h6 45. d5 Kb8 46. b4
Rf6 47. Ke4 Rxf5 48. Kxf5 Ne3+ 49. Ke6 Kc7 50. d6+ Kd8 51. g3 Nf1 52. g4 Ne3
53. Kf6 Nxg4+ 54. Kg6 Kd7 55. Kh5 Ne3 56. Kxh6 g4 57. Kg5 g3 58. Kf4 g2 59.
Kxe3 g1=Q+ 60. Ke4 Qg5 61. Kd4 Kxd6 62. Kc4 Qb5+ 63. Kc3 Kd5 64. Kb3 Kd4 65.
Kb2 Qxb4+ 66. Kc2 Qc3+ 67. Kd1 Qb2 68. Ke1 Ke3 69. Kf1 Qf2# {Normal} 0-1

[Event "Rated Blitz tournament 6ygGTofF"]
[Site "?"]
[Date "2021.05.07"]
[Round "?"]
[White "HernanPizarro"]
[Black "Arkadag2020"]
[Result "0-1"]
[WhiteElo "2265"]
[BlackElo "2566"]
[PlyCount "76"]
[EventDate "2021.??.??"]
[EventType "blitz"]

1. e4 e5 2. Nf3 d5 3. exd5 e4 4. Qe2 Be7 5. Qxe4 Nf6 6. Qa4+ c6 7. dxc6 O-O 8.
Be2 Nxc6 9. O-O Re8 10. d4 Bd6 11. Be3 h6 12. h3 Nd5 13. Nbd2 a6 14. c3 Bf5 15.
Qd1 Rxe3 16. fxe3 Nxe3 17. Qe1 Qc7 18. Nc4 Bg3 19. Qd2 Nxf1 20. Rxf1 Be6 21.
Ne3 Bf4 22. Nh4 Re8 23. d5 Bxh3 24. dxc6 Bxe3+ 25. Qxe3 Rxe3 26. Bc4 Be6 27.
Kf2 Bxc4 28. Rd1 Qg3+ 29. Kg1 Re1+ 30. Rxe1 Qxe1+ 31. Kh2 Qxh4+ 32. Kg1 bxc6
33. g4 Qxg4+ 34. Kf2 Qe2+ 35. Kg3 f5 36. Kf4 g6 37. Kg3 g5 38. b3 f4+ {Time
forfeit} 0-1

[Event "Rated Blitz game"]
[Site "?"]
[Date "2021.05.07"]
[Round "?"]
[White "suskica"]
[Black "GoughPhar"]
[Result "0-1"]
[WhiteElo "2451"]
[BlackElo "2461"]
[PlyCount "40"]
[EventDate "2021.??.??"]
[EventType "blitz"]

1. e4 e5 2. Nf3 d5 3. Nxe5 Bd6 4. d4 dxe4 5. Qe2 Nf6 6. Bg5 O-O 7. Nc3 Bf5 8.
O-O-O Nc6 9. Nxc6 bxc6 10. h3 Re8 11. g4 Bg6 12. h4 h6 13. Be3 Nd5 14. Nxd5
cxd5 15. h5 Bh7 16. Bh3 c6 17. Rhg1 Qa5 18. Kb1 Rab8 19. g5 Rxb2+ 20. Kxb2 Rb8+
{Normal} 0-1

[Event "Rated Blitz game"]
[Site "?"]
[Date "2021.05.07"]
[Round "?"]
[White "luismimuzu"]
[Black "KamranShirazi"]
[Result "1-0"]
[WhiteElo "2492"]
[BlackElo "2473"]
[PlyCount "85"]
[EventDate "2021.??.??"]
[EventType "blitz"]

1. e4 e5 2. Nf3 d5 3. exd5 e4 4. Qe2 Nf6 5. d3 Bb4+ 6. c3 O-O 7. dxe4 Bc5 8.
Bg5 c6 9. e5 Re8 10. b4 Bd6 11. Nbd2 cxd5 12. Qe3 Nc6 13. Bb5 Bxe5 14. Bxc6 Bd4
15. Qxe8+ Qxe8+ 16. Bxe8 Bxc3 17. Bxf6 Bxf6 18. Rc1 Be6 19. Ba4 Bb2 20. Rc2 Ba3
21. Ke2 Bxb4 22. Rb1 a5 23. Rc7 b6 24. Bd7 h6 25. Bxe6 fxe6 26. Nd4 Re8 27.
N2f3 Bc5 28. Rc6 e5 29. Ne6 e4 30. Ne5 Bb4 31. Rd1 Bc5 32. Rxd5 Be7 33. Rd7 Bf6
34. Ng6 Kh7 35. Nef4 b5 36. Rxf6 e3 37. Rff7 exf2+ 38. Kxf2 Rg8 39. Ne6 Kxg6
40. Rxg7+ Rxg7 41. Rxg7+ Kf6 42. Rb7 b4 43. Rb5 {Time forfeit} 1-0

[Event "Rated Blitz game"]
[Site "?"]
[Date "2021.05.07"]
[Round "?"]
[White "Capitan-FE"]
[Black "Korshun_2022"]
[Result "1-0"]
[WhiteElo "2442"]
[BlackElo "2361"]
[PlyCount "109"]
[EventDate "2021.??.??"]
[EventType "blitz"]

1. e4 e5 2. Nf3 d5 3. Nc3 dxe4 4. Nxe5 Qd4 5. Nc4 Be6 6. Ne3 Nf6 7. d3 Nc6 8.
dxe4 O-O-O 9. Qxd4 Nxd4 10. Bd3 Bb4 11. O-O Rhe8 12. a3 Bxc3 13. bxc3 Nc6 14.
f3 Ne5 15. Be2 g6 16. a4 Nfd7 17. Ba3 f5 18. exf5 gxf5 19. Kf2 f4 20. Nd1 Nc4
21. Bc1 Rf8 22. Re1 Ndb6 23. a5 Nd7 24. Bd3 Bd5 25. Ra4 Nce5 26. Rxf4 Rfe8 27.
Bxh7 Nc4 28. Rxe8 Rxe8 29. Bd3 Nd6 30. c4 Bg8 31. Ne3 Nc5 32. Ba3 b6 33. Bxc5
bxc5 34. a6 Kd7 35. Rg4 Kc6 36. Rg5 Kb6 37. h4 Kxa6 38. Rxc5 Kb6 39. Rg5 Nb7
40. h5 c6 41. h6 a5 42. h7 Bxh7 43. Bxh7 a4 44. Be4 a3 45. Rg6 Na5 46. Nd5+ Kc5
47. Nc3 Kxc4 48. Na2 Kb5 49. Bd3+ Kb6 50. g4 Rh8 51. g5 Rh1 52. Nc3 Rh2+ 53.
Ke3 Nb7 54. Rh6 Nc5 55. Rxh2 {Normal} 1-0

[Event "Rated Blitz tournament qg19zhTR"]
[Site "?"]
[Date "2021.05.07"]
[Round "?"]
[White "TedIanMontoyo"]
[Black "cuerosky"]
[Result "1-0"]
[WhiteElo "2470"]
[BlackElo "2345"]
[PlyCount "44"]
[EventDate "2021.??.??"]
[EventType "blitz"]

1. e4 e5 2. Nf3 d5 3. Nc3 dxe4 4. Nxe4 Nf6 5. Nxf6+ Qxf6 6. d3 h6 7. h3 Bd6 8.
c3 Nc6 9. Be2 Bf5 10. Nd2 O-O-O 11. Qa4 Bc5 12. O-O Bxd3 13. Bxd3 Rxd3 14. Ne4
Qe7 15. Qc4 Rxh3 16. gxh3 Bb6 17. Be3 f5 18. Bxb6 axb6 19. Ng3 Qg5 20. Kh2 Re8
21. Qf7 Re7 22. Qxf5+ Kb8 {Normal} 1-0